| 000 | 00764nam a2200229Ia 4500 | ||
|---|---|---|---|
| 003 | GCL | ||
| 008 | 140319s9999 xx 000 0 ara d | ||
| 040 |
_aGCL / _cGCL |
||
| 082 | 0 | 4 |
_a371.102 _bم ا |
| 100 | 1 | _aمحمد امين المفتى | |
| 245 | 1 | 0 |
_aاستراتيجيات التدريس والاشراف التربوى / _cمحمد امين المفتى |
| 700 | 1 | _aجمال السيد وهدان | |
| 700 | 1 | _aمصطفى عبدالسميع | |
| 250 | _aالاولى | ||
| 260 |
_aالقاهرة : _bدار العين للنشر ، _c2001 |
||
| 300 |
_a150 ص ؛ _c24 سم |
||
| 650 | 0 | 4 | _aطرق التدريس |
| 650 | 0 | 4 | _aالتعلم |
| 650 | 0 | 4 | _aالتدريس |
| 650 | 0 | 4 | _aالتعليم - اغراضه واهدافه |
| 942 |
_2ddc _cBK |
||
| 999 |
_c9786 _d9786 |
||